[Event "Druzynowe Mistrzostwa Polski Juniorow 2019 - II Liga"]
[Site "Szczyrk"]
[Date "1899-12-30"]
[Round "2.109"]
[White "Michalowski, Patryk"]
[Black "Laszczak, Przemyslaw"]
[Result "0-1"]
[WhiteTitle "I"]
[BlackTitle "k"]
[WhiteElo "1674"]
[BlackElo "1942"]

1. e4 c6 2. d4 d5 3. exd5 cxd5 4. Bd3 Nc6 5. c3 Qc7 6. h3 e6 7. Nf3 Nf6 8. O-O
Bd6 9. Re1 O-O 10. Qe2 Nd7 11. Bc2 Re8 12. Qd3 Nf8 13. Nbd2 f6 14. Nf1 b6 15.
Bd2 a5 16. b3 Ba6 17. Qe3 Rad8 18. Bd3 Bb7 19. Bb5 e5 20. dxe5 fxe5 21. Ng3 Bc5
22. Qg5 Ne6 23. Qf5 e4 24. Ng5 Nxg5 25. Bxg5 Qxg3 26. Bxd8 Rxd8 27. Rf1 Qxc3 28.
Rad1 Nd4 29. Qg5 Rf8 30. Bd7 Ne2+ 31. Kh1 d4 32. Be6+ Kh8 33. Bd5 Bxd5 34. Qxd5
e3 35. Qh5 Nf4 0-1

[Event "Druzynowe Mistrzostwa Polski Juniorow 2019 - II Liga"]
[Site "Szczyrk"]
[Date "1899-12-30"]
[Round "2.110"]
[White "Czarnomski, Dominik"]
[Black "Twardowski, Jakub"]
[Result "1-0"]
[WhiteTitle "II+"]
[BlackTitle "III"]
[WhiteElo "1541"]
[BlackElo "1000"]

1. f4 c5 2. Nf3 d6 3. g3 Nf6 4. Bg2 g6 5. O-O Bg7 6. d3 Nc6 7. e4 Ng4 8. h3 Nh6
9. Nc3 Qd7 10. Be3 Bxc3 11. bxc3 Qc7 12. Qd2 Be6 13. f5 Nxf5 14. exf5 Bxf5 15.
Qf2 Qa5 16. Bd2 c4 17. Nd4 Nd8 18. Nxf5 gxf5 19. Qxf5 Qxf5 20. Rxf5 cxd3 21. cxd3
e6 22. Rb5 Rb8 23. Rab1 b6 24. a4 Rg8 25. Kf2 Kd7 26. a5 Kc7 27. Be3 Nc6 28. axb6+
axb6 29. Bxc6 Kxc6 30. Rxb6+ Rxb6 31. Rxb6+ Kd5 32. c4+ Ke5 33. Bf4+ Kd4 34. Rxd6+
Kc3 35. c5 Rc8 36. d4 Kc4 37. Be5 Kb5 38. Ke3 Kc4 39. Rd7 Kb5 40. Rxf7 Kc6 41.
Ke4 h6 42. Rf6 Kd7 43. Rxh6 Ke7 44. Rh7+ Kd8 45. Bf6+ Ke8 46. Rh8+ Kd7 47. Rxc8
Kxc8 48. Ke5 Kd7 49. h4 Ke8 50. c6 Kf7 51. h5 Ke8 52. g4 Kf7 53. g5 Ke8 54. g6
Kf8 55. h6 1-0

[Event "Druzynowe Mistrzostwa Polski Juniorow 2019 - II Liga"]
[Site "Szczyrk"]
[Date "1899-12-30"]
[Round "2.111"]
[White "Paschke, Kajetan"]
[Black "Krawczak, Patryk"]
[Result "0-1"]
[WhiteTitle "III"]
[BlackTitle "II"]
[WhiteElo "1000"]
[BlackElo "1117"]

1. e4 c5 2. Nf3 e6 3. d4 cxd4 4. Nxd4 Nc6 5. Nc3 a6 6. a4 Bb4 7. Nxc6 bxc6 8. Bd2
d5 9. Qe2 Ne7 10. Rd1 Qd6 11. Na2 Bxd2+ 12. Rxd2 Qe5 13. c3 Qxe4 14. Qxe4 dxe4
15. Bc4 a5 16. O-O Ba6 17. Bxa6 Rxa6 18. Rfd1 O-O 19. Rd8 Ra8 20. Rxa8 Rxa8 21.
b4 f5 22. Rd4 Nd5 23. b5 cxb5 24. axb5 Rc8 25. c4 Nb6 26. h3 e5 27. Rd6 Nxc4 28.
Ra6 Rb8 29. Nc3 Kf8 30. Rc6 Nb6 31. Rc5 Nd7 32. Rc7 Nb6 33. Rc5 Rc8 34. Rc6 Rxc6
35. bxc6 Ke7 36. c7 Kd7 37. Nb5 Nd5 38. Kh2 Nxc7 39. Nxc7 Kxc7 40. g3 a4 41. Kg2
a3 42. Kg1 a2 43. Kh1 a1=Q+ 44. Kg2 Qd1 45. h4 Qf3+ 46. Kg1 e3 47. fxe3 Qxg3+
48. Kh1 Qg4 49. e4 f4 50. h5 f3 51. h6 Qg2# 0-1

[Event "Druzynowe Mistrzostwa Polski Juniorow 2019 - II Liga"]
[Site "Szczyrk"]
[Date "1899-12-30"]
[Round "2.112"]
[White "Olszewski, Antoni"]
[Black "Kisiel, Dominik"]
[Result "1-0"]
[WhiteTitle "II"]
[BlackTitle "II"]
[WhiteElo "1380"]
[BlackElo "1061"]

1. e4 c5 2. Nf3 d6 3. d4 cxd4 4. Qxd4 Nf6 5. c4 Nc6 6. Qd3 Nb4 7. Qd2 Qa5 8. Nc3
Nxe4 9. Nxe4 Nc2+ 10. Kd1 Qxd2+ 11. Bxd2 Nxa1 12. Bd3 g6 13. Bc3 f6 14. Re1 Kd8
15. Nxf6 Bg7 16. Nd5 Bxc3 17. Nxc3 Bg4 18. Ke2 e5 19. Rxa1 Re8 20. Be4 a6 21.
Rd1 Kc7 22. Nd5+ Kd8 23. Nb6 Rb8 24. Rxd6+ Ke7 25. c5 Red8 26. Nd5+ Kf7 27. Rb6
Rd7 28. h3 Bxf3+ 29. Kxf3 Rbd8 30. Ne3 Rc7 31. Rxb7 Rxb7 32. Bxb7 Rb8 33. c6 e4+
34. Kg3 a5 35. c7 Rxb7 36. c8=Q Rxb2 37. Ng4 a4 38. Qd7+ Kf8 39. Nh6 Rb3+ 40.
axb3 a3 41. Qf7# 1-0

[Event "Druzynowe Mistrzostwa Polski Juniorow 2019 - II Liga"]
[Site "Szczyrk"]
[Date "1899-12-30"]
[Round "2.113"]
[White "Kicinska, Magdalena"]
[Black "Nowacka, Dorota"]
[Result "0-1"]
[WhiteTitle "I"]
[BlackTitle "I+"]
[WhiteElo "1012"]
[BlackElo "1576"]

1. d4 e6 2. Nf3 Nf6 3. Bg5 d5 4. e3 c5 5. c3 Nc6 6. Bd3 Qb6 7. Qc2 cxd4 8. exd4
Bd7 9. O-O Rc8 10. a3 Bd6 11. Nbd2 Qc7 12. Rfe1 Be7 13. Qd1 h6 14. Bh4 O-O 15.
Ne5 Ne8 16. Bg3 Bd6 17. Ndf3 Nf6 18. Bc2 Ne7 19. Bh4 Ne8 20. Qd3 f5 21. Bxe7 Bxe7
22. Ng6 Rf7 23. Nfe5 Bd6 24. Nxf7 Bxh2+ 25. Kh1 Kxf7 26. Ne5+ Bxe5 27. Rxe5 Nd6
28. Qf3 Nc4 29. Re2 Nxb2 30. Bxf5 exf5 31. Qxd5+ Kg6 32. Rxb2 b6 33. Rc2 Re8 34.
f3 Re3 35. c4 Bc6 36. Qg8 Re8 37. Qxe8+ Bxe8 38. d5 Ba4 39. Rc3 Qe5 40. Rac1 Kf7
41. Kg1 Qd4+ 42. Kf1 Ke7 43. Re1+ Kd7 44. Rec1 Kd6 45. Ke2 f4 46. Kf1 g5 47. Ke2
h5 48. Kf1 g4 49. fxg4 hxg4 50. Ke2 g3 51. Kf3 Qf2+ 52. Ke4 Qxg2+ 53. Kxf4 Qf2+
54. Rf3 Qd2+ 55. Kxg3 Qxc1 56. Rf6+ Ke7 57. Re6+ Kf7 58. Kf3 Bd1+ 59. Ke4 Qxc4+
60. Ke5 Qc7+ 61. d6 Qc5+ 62. Ke4 Kxe6 63. d7 Kxd7 0-1

[Event "Druzynowe Mistrzostwa Polski Juniorow 2019 - II Liga"]
[Site "Szczyrk"]
[Date "1899-12-30"]
[Round "2.114"]
[White "Zalewska, Malgorzata"]
[Black "Kicinska, Anna"]
[Result "1-0"]
[WhiteTitle "I"]
[BlackTitle "I"]
[WhiteElo "1000"]
[BlackElo "1000"]

1. e4 c5 2. Nc3 d6 3. g3 Nf6 4. Bg2 g6 5. d3 Bg7 6. h3 O-O 7. Be3 Nc6 8. Nge2 Bd7
9. O-O a6 10. f4 Qb6 11. Rb1 Rac8 12. f5 Qb4 13. a3 Qb6 14. Qd2 Nd4 15. g4 Bc6
16. Bh6 Nd7 17. Bxg7 Kxg7 18. Nxd4 cxd4 19. Ne2 Ne5 20. Qf4 Bd7 21. Qc1 Nxd3 22.
Qd2 Ne5 23. Qxd4 Qxd4+ 24. Nxd4 Nc4 25. Rfe1 Ne5 26. c3 Nc6 27. Nf3 Na7 28. Rbd1
Ba4 29. Rd4 Bd7 30. e5 Nc6 31. Rd3 gxf5 32. exd6 exd6 33. Rxd6 Be6 34. gxf5 Bxf5
35. Nd4 Nxd4 36. Rxd4 Rc7 37. Rf4 Bg6 38. Rg4 b6 39. Rb4 b5 40. a4 bxa4 41. Rxa4
Ra7 42. Bf1 Rb8 43. b4 Rc7 44. Rc1 Rbc8 45. c4 Bf5 46. c5 Rb8 47. Kh2 Kh8 48.
Bxa6 Rg8 49. Rg1 Bg6 50. Bc4 Rd7 51. Rg2 Rd4 52. b5 Rh4 53. Bb3 Rh5 54. Rc4 Bd3
55. Rcg4 Rxg4 56. Rxg4 Rxc5 57. Bxf7 Rc8 58. b6 Ba6 59. Kg3 h6 60. Kh4 Kh7 61.
Bg6+ Kh8 62. Bf7 Rd8 63. Bc4 Bb7 64. Be2 Bc6 65. Rg6 Kh7 66. Rxc6 Rd4+ 67. Kg3
Re4 68. Bd3 Kg7 69. Bxe4 h5 70. b7 h4+ 71. Kxh4 Kf7 72. b8=Q Ke7 73. Qb7+ Kd8
74. Rc8# 1-0

[Event "Druzynowe Mistrzostwa Polski Juniorow 2019 - II Liga"]
[Site "Szczyrk"]
[Date "1899-12-30"]
[Round "2.115"]
[White "Marczak, Szymon"]
[Black "Drozdzal, Michal"]
[Result "1-0"]
[WhiteTitle "I++"]
[BlackTitle "II+"]
[WhiteElo "1857"]
[BlackElo "1447"]

1. e4 c5 2. Nf3 Nc6 3. Bb5 g6 4. Bxc6 bxc6 5. O-O Bg7 6. Re1 d6 7. c3 Nh6 8. d3
O-O 9. h3 f6 10. Be3 Nf7 11. d4 cxd4 12. cxd4 Rb8 13. Qd2 Rb5 14. Nc3 Rh5 15.
Ne2 Bh6 16. Bxh6 Rxh6 17. Rac1 Bd7 18. e5 fxe5 19. dxe5 Qc8 20. Ned4 dxe5 21.
Nxe5 Rh5 22. Nxd7 Qxd7 23. Qe3 Ng5 24. Ne6 Rf5 25. Nxg5 Rfxg5 26. Qe6+ Qxe6 27.
Rxe6 Rxh3 28. Rxe7 Rd3 29. Rxa7 h6 30. g3 Rd2 31. Rxc6 Rf5 32. Rc8+ Rf8 33. Rxf8+
Kxf8 1-0

[Event "Druzynowe Mistrzostwa Polski Juniorow 2019 - II Liga"]
[Site "Szczyrk"]
[Date "1899-12-30"]
[Round "2.117"]
[White "Wieczorek, Karol"]
[Black "Futyma, Dawid"]
[Result "1-0"]
[WhiteTitle "II+"]
[BlackTitle "II"]
[WhiteElo "1502"]
[BlackElo "1073"]

1. d4 Nf6 2. c4 d6 3. Nc3 g6 4. Nf3 Bg7 5. Bg5 O-O 6. e3 Bf5 7. Bd3 Bxd3 8. Qxd3
Nbd7 9. O-O Re8 10. Rfd1 Qc8 11. b4 e5 12. dxe5 Nxe5 13. Nxe5 Rxe5 14. Bf4 Re8
15. Rac1 a5 16. b5 Nh5 17. Bg3 Nxg3 18. hxg3 Bxc3 19. Qxc3 Qf5 20. c5 d5 21. c6
b6 22. Rd4 Re4 23. Rcd1 Rxd4 24. Qxd4 Rd8 25. e4 Qh5 26. exd5 Qe2 27. a4 Rd6 28.
Rd3 Rd8 29. Re3 Qa2 30. d6 cxd6 31. c7 Rc8 32. Qxd6 Qc2 33. Qd8+ Rxd8 34. cxd8=Q+
Kg7 35. Qd4+ Kh6 36. Re4 g5 37. Qf6+ Kh5 38. g4+ Kh4 39. g3+ Kh3 40. Qh6# 1-0

[Event "Druzynowe Mistrzostwa Polski Juniorow 2019 - II Liga"]
[Site "Szczyrk"]
[Date "1899-12-30"]
[Round "2.118"]
[White "Tomkiewicz, Szymon"]
[Black "Grzybek, Mikolaj"]
[Result "0-1"]
[WhiteTitle "II"]
[BlackTitle "II"]
[WhiteElo "1092"]
[BlackElo "1305"]

1. e4 c6 2. d4 d5 3. exd5 cxd5 4. Nf3 a6 5. Bf4 Nc6 6. Bd3 Bg4 7. Nbd2 Nxd4 8.
O-O Nxf3+ 9. Nxf3 e6 10. h3 Bh5 11. Re1 Qf6 12. Bg3 Bxf3 13. gxf3 Bc5 14. c4 dxc4
15. Bxc4 Ne7 16. Qa4+ Nc6 17. Bb5 Rc8 18. Bxc6+ Rxc6 19. Rac1 Qd4 20. Qxd4 Bxd4
21. Rxc6 bxc6 22. Rc1 c5 23. Bd6 Kd7 24. Bxc5 Bxb2 25. Rd1+ Kc6 26. Bd4 Rd8 27.
Bxb2 Rxd1+ 28. Kg2 g6 29. Kg3 Rd2 30. Be5 Rxa2 31. Kg4 Rxf2 32. f4 h5+ 33. Kg5
Kd7 34. h4 a5 35. Kf6 Ke8 36. Bd6 a4 37. Ke5 Re2+ 38. Kf6 Re3 39. Bc5 Rd3 40.
Ke5 Rd5+ 0-1

[Event "Druzynowe Mistrzostwa Polski Juniorow 2019 - II Liga"]
[Site "Szczyrk"]
[Date "1899-12-30"]
[Round "2.119"]
[White "Zamarska, Sylwia"]
[Black "Mazurek, Maja"]
[Result "0-1"]
[WhiteTitle "I++"]
[BlackTitle "I"]
[WhiteElo "1628"]
[BlackElo "1294"]

1. d4 d5 2. Bf4 Nf6 3. e3 Bg4 4. Nf3 a6 5. Be2 e6 6. Nbd2 c5 7. c3 Nbd7 8. h3 Bh5
9. O-O Be7 10. Ne5 Bxe2 11. Qxe2 O-O 12. Bh2 Rc8 13. f4 Ne4 14. Nxe4 dxe4 15.
Rad1 Nxe5 16. dxe5 Qa5 17. Rd7 Rc7 18. Rfd1 Qb6 19. Bg3 Re8 20. b3 Rxd7 21. Rxd7
Kf8 22. c4 Rd8 23. Rxd8+ Qxd8 24. Be1 Qd7 25. g4 h6 26. Qc2 Qc6 27. Qd1 Ke8 28.
f5 Bg5 29. Qd2 exf5 30. gxf5 Qc8 31. Qf2 Qd7 32. h4 Be7 33. Kg2 g5 34. f6 Bd8
35. hxg5 hxg5 36. Kg3 Bc7 37. Bc3 Qe6 38. Kg2 Bxe5 39. Bxe5 Qxe5 40. Kh3 Kd7 41.
Qd2+ Ke8 42. Qd5 Qxd5 43. cxd5 Kd7 44. Kg4 Kd6 45. Kxg5 Kxd5 46. Kf4 b5 47. Kg3
c4 48. bxc4+ bxc4 49. Kf2 c3 50. Ke1 Kc4 51. Ke2 a5 52. a3 Kb3 53. Kd1 a4 54.
Kc1 Kxa3 55. Kb1 Kb3 56. Ka1 a3 57. Kb1 a2+ 58. Ka1 Kc2 59. Kxa2 Kd2 0-1

[Event "Druzynowe Mistrzostwa Polski Juniorow 2019 - II Liga"]
[Site "Szczyrk"]
[Date "1899-12-30"]
[Round "2.120"]
[White "Futyma, Klaudia"]
[Black "Wasowicz, Anna"]
[Result "1-0"]
[WhiteTitle "II"]
[BlackTitle "II"]
[WhiteElo "1000"]
[BlackElo "1000"]

1. e4 b6 2. Nf3 e6 3. d4 Bb7 4. Bd3 Nf6 5. Nbd2 d5 6. e5 Nfd7 7. Nf1 c5 8. c3 Nc6
9. Be3 cxd4 10. cxd4 Bb4+ 11. N1d2 O-O 12. O-O f6 13. Qc2 h6 14. Bf4 Rc8 15. Qd1
Nxd4 16. Nxd4 fxe5 17. Bxe5 Nxe5 18. Nxe6 Qf6 19. Nxf8 Rxf8 20. Nf3 Nxf3+ 21.
Qxf3 Qd8 22. Qg4 Rf6 23. Qxb4 d4 24. Bc4+ Kh8 25. f3 Rg6 26. Qd2 d3 27. Bxd3 Rd6
28. Rad1 Ba6 29. Qe3 Bb5 30. Be2 Bxe2 31. Qxe2 Qc7 32. Qe5 Rc6 33. Qxc7 Rxc7 34.
Rd8+ Kh7 35. Rfd1 Re7 36. R8d7 Re6 37. Rxa7 Rg6 38. Rdd7 b5 39. Rab7 Rg5 40. h3
h5 41. h4 Rg6 42. Rxb5 Rh6 43. Rg5 1-0

[Event "Druzynowe Mistrzostwa Polski Juniorow 2019 - II Liga"]
[Site "Szczyrk"]
[Date "1899-12-30"]
[Round "3.1"]
[White "Hrymowicz, Artur"]
[Black "Pniaczek, Marek"]
[Result "0-1"]
[WhiteTitle "I++"]
[BlackTitle "CM"]
[WhiteElo "2052"]
[BlackElo "2276"]

1. e4 c5 2. Nf3 e6 3. c4 Nc6 4. Nc3 Nd4 5. Nxd4 cxd4 6. Nb5 e5 7. Be2 a6 8. Na3
Nf6 9. Qc2 Bb4 10. O-O O-O 11. d3 d6 12. Qb1 Be6 13. Nc2 Bc5 14. b4 Ba7 15. a4
Nd7 16. Bd2 f5 17. exf5 Bxf5 18. Qb3 Kh8 19. Bf3 Rb8 20. Be4 Bxe4 21. dxe4 Qh4
22. Qd3 Nf6 23. f4 Rbe8 24. Rae1 b5 25. cxb5 d5 26. b6 dxe4 27. Qxa6 Bb8 28. g3
Qh3 29. Na3 e3 30. Bc1 exf4 31. Qe2 fxg3 32. Qg2 gxh2+ 33. Kh1 Qxg2+ 34. Kxg2
Ne4 35. a5 Rf2+ 36. Kh3 Rxf1 37. Rxf1 e2 38. Re1 Bg3 0-1

[Event "Druzynowe Mistrzostwa Polski Juniorow 2019 - II Liga"]
[Site "Szczyrk"]
[Date "1899-12-30"]
[Round "3.2"]
[White "Musial, Tomasz"]
[Black "Jordan, Adam"]
[Result "1/2-1/2"]
[WhiteTitle "k"]
[BlackTitle "I+"]
[WhiteElo "1856"]
[BlackElo "1974"]

1. d4 Nf6 2. c4 e6 3. g3 d5 4. Bg2 b6 5. cxd5 exd5 6. Nf3 Bd6 7. O-O Bb7 8. Nc3
O-O 9. Ne5 Nbd7 10. Nc4 Be7 11. Ne3 c6 12. Nf5 Re8 13. Nxe7+ Qxe7 14. Re1 Ne4
15. f3 Nxc3 16. bxc3 c5 17. e4 dxe4 18. fxe4 Rac8 19. Ba3 Nf6 20. e5 Bxg2 21.
Kxg2 Qb7+ 22. Qf3 Qxf3+ 23. Kxf3 Nd7 24. Rac1 b5 25. Kf4 a5 26. d5 b4 27. Bb2
c4 28. cxb4 axb4 29. Bd4 c3 30. a3 bxa3 31. Rxc3 Rxc3 32. Bxc3 a2 33. Ra1 Ra8
34. Bd4 Kf8 35. Ke4 Ke7 36. Ke3 Ra3+ 37. Kd2 Ra5 38. Ke3 Ra3+ 39. Kd2 Ra5 40.
Kd3 f6 41. exf6+ gxf6 42. Kc3 1/2-1/2

[Event "Druzynowe Mistrzostwa Polski Juniorow 2019 - II Liga"]
[Site "Szczyrk"]
[Date "1899-12-30"]
[Round "3.3"]
[White "Taranowicz, Michal"]
[Black "Wilk, Igor"]
[Result "1-0"]
[WhiteTitle "I"]
[BlackTitle "I"]
[WhiteElo "1630"]
[BlackElo "1689"]

1. e4 c6 2. Nf3 d5 3. Nc3 Nf6 4. e5 Ne4 5. d3 Nxc3 6. bxc3 Bg4 7. Ba3 Nd7 8. d4
e6 9. Bxf8 Rxf8 10. Be2 Bxf3 11. Bxf3 Qc7 12. O-O O-O-O 13. Qd3 f6 14. exf6 Rxf6
15. Bg4 h5 16. Bh3 g5 17. g3 Rdf8 18. c4 g4 19. Bg2 Nb6 20. cxd5 exd5 21. Rae1
Nc4 22. f4 h4 23. Re2 h3 24. Bh1 Nd6 25. Rfe1 Nf5 26. c4 dxc4 27. Qxc4 Qb6 28.
Qc5 Qxc5 29. dxc5 Kd7 30. Be4 R8f7 31. Kf2 Ng7 32. Bc2 Ne6 33. Rd2+ Kc7 34. Bb3
Re7 35. Re3 Rd7 36. Rxd7+ Kxd7 37. Re5 b6 38. cxb6 axb6 39. Bd1 Kd6 40. Re3 Rg6
41. f5 Rf6 42. Rxe6+ Rxe6 43. fxe6 Kxe6 44. Bxg4+ Ke5 45. Ke3 c5 46. Bxh3 b5 1-0

[Event "Druzynowe Mistrzostwa Polski Juniorow 2019 - II Liga"]
[Site "Szczyrk"]
[Date "1899-12-30"]
[Round "3.4"]
[White "Bartoszczuk, Adam"]
[Black "Kitewski, Bartosz"]
[Result "0-1"]
[WhiteTitle "II+"]
[BlackTitle "II"]
[WhiteElo "1293"]
[BlackElo "1447"]

1. e4 e6 2. d4 d5 3. exd5 exd5 4. Bd3 Bd6 5. Nf3 Ne7 6. O-O Nbc6 7. c3 Bf5 8. Re1
Qd7 9. Bxf5 Qxf5 10. Nbd2 h5 11. Nf1 O-O-O 12. a4 Rdg8 13. b4 g5 14. a5 h4 15.
b5 Nd8 16. b6 a6 17. bxc7 Ndc6 18. Ba3 Bxa3 19. Rxa3 g4 20. Ne5 g3 21. fxg3 hxg3
22. Nxg3 Qh7 23. Nf3 Nf5 24. Qb1 Nxg3 25. Qxh7 Rxh7 26. hxg3 Rxg3 27. Kf2 Rhg7
28. Rg1 Kxc7 29. Raa1 R3g4 30. Ne5 Rf4+ 31. Nf3 Re4 32. Rge1 f5 33. Ne5 Nxe5 34.
dxe5 Kd7 35. Rxe4 dxe4 36. Rb1 Ke6 37. Rb6+ Kxe5 38. g3 Rc7 39. Rb3 f4 40. gxf4+
Kxf4 41. Ke2 Rh7 42. Kf2 e3+ 43. Kg2 Rg7+ 44. Kf1 Kf3 45. Ke1 Rg1# 0-1

[Event "Druzynowe Mistrzostwa Polski Juniorow 2019 - II Liga"]
[Site "Szczyrk"]
[Date "1899-12-30"]
[Round "3.5"]
[White "Bohdanowicz, Nikola"]
[Black "Pyzio, Amelia"]
[Result "0-1"]
[WhiteTitle "I"]
[BlackTitle "I++"]
[WhiteElo "1266"]
[BlackElo "1616"]

1. d4 d5 2. Nf3 Nf6 3. Bf4 Bf5 4. e3 e6 5. c3 Be7 6. Bd3 Bg6 7. O-O O-O 8. Bxg6
hxg6 9. Nbd2 Nbd7 10. Qc2 c5 11. Rfe1 Qb6 12. Ne5 Rac8 13. Ndf3 Nxe5 14. Nxe5
cxd4 15. exd4 Qxd4 16. Bg3 Qb6 17. Qe2 Rfd8 18. Rad1 Ne4 19. Bf4 Bc5 20. Nd3 Bd6
21. Be3 Qc7 22. h4 Qe7 23. h5 Qh4 24. g3 Qxh5 25. Qxh5 gxh5 26. Bxa7 Rc4 27. Bd4
Ra8 28. a3 Be7 29. Kg2 Bf6 30. Be3 Rcc8 31. f3 Nd6 32. Bf4 Nc4 33. Re2 Ra6 34.
Ne5 Nxe5 35. Bxe5 Bxe5 36. Rxe5 g6 37. Rd4 Rb6 38. Re2 Ra8 39. Kf2 Kf8 40. Ke3
Ke7 41. Red2 Rb5 42. Rb4 Rxb4 43. axb4 Ra2 44. Kd4 Kd6 45. f4 b5 46. Rf2 f6 47.
Re2 Ra1 48. Re3 Rd1+ 49. Rd3 e5+ 50. fxe5+ fxe5+ 51. Ke3 Rxd3+ 52. Kxd3 g5 53.
b3 h4 54. gxh4 gxh4 55. Ke3 d4+ 56. cxd4 exd4+ 57. Kxd4 h3 0-1

[Event "Druzynowe Mistrzostwa Polski Juniorow 2019 - II Liga"]
[Site "Szczyrk"]
[Date "1899-12-30"]
[Round "3.6"]
[White "Straczek, Wiktoria"]
[Black "Filipiak, Magdalena"]
[Result "1/2-1/2"]
[WhiteTitle "I"]
[BlackTitle "I"]
[WhiteElo "1316"]
[BlackElo "1168"]

1. e4 e5 2. Nf3 Nc6 3. d4 exd4 4. Bc4 d6 5. Nxd4 Nge7 6. Be3 g6 7. Nd2 Bg7 8. c3
O-O 9. O-O Ne5 10. Be2 d5 11. f4 N5c6 12. Nxc6 Nxc6 13. Bf3 d4 14. cxd4 Bxd4 15.
Nc4 Be6 16. Bxd4 Bxc4 17. Bc5 Bxf1 18. Bxf8 Bxg2 19. Bxg2 Qxf8 20. Qb3 Qb4 21.
Qxb4 Nxb4 22. Bf1 Rd8 23. a3 Nc6 24. Rc1 Kf8 25. Bb5 Nd4 26. Bf1 c6 27. Kf2 Ke7
28. Ke3 Nb3 29. Rc3 Nd2 30. Be2 Nb1 31. Rc1 Nd2 32. Rc3 f5 33. exf5 gxf5 34. Bd3
Ne4 35. Bxe4 fxe4 36. Kxe4 Kf6 37. Rc2 Rd5 38. Rg2 Rb5 39. Rc2 h5 40. h4 Rd5 41.
Rg2 Rd1 42. Rh2 Rd5 43. Rg2 Rd1 44. Rh2 Rd5 45. b4 Rd1 46. Rh3 Re1+ 47. Kf3 Rf1+
48. Ke3 Kf5 49. Rg3 Kf6 50. Rg5 Re1+ 51. Kf2 Ra1 52. Ra5 a6 53. Ke2 Ra2+ 54. Kf3
Ra1 55. Ke4 Re1+ 56. Kd4 Rd1+ 57. Kc3 Rf1 58. Rxh5 Rf3+ 59. Kb2 Rf2+ 60. Kb3 Rf3+
61. Kc4 Rxf4+ 62. Kc5 Kg6 63. Rh8 Rf5+ 64. Kb6 Rb5+ 65. Ka7 a5 66. bxa5 Rxa5+
67. Kxb7 Rxa3 68. Kxc6 Rh3 69. Kd5 Kf5 1/2-1/2

[Event "Druzynowe Mistrzostwa Polski Juniorow 2019 - II Liga"]
[Site "Szczyrk"]
[Date "1899-12-30"]
[Round "3.7"]
[White "Burdzicki, Stanislaw"]
[Black "Kawalko, Adam"]
[Result "1/2-1/2"]
[WhiteTitle "I"]
[BlackTitle "I+"]
[WhiteElo "1660"]
[BlackElo "1920"]

1. d4 Nf6 2. c4 e6 3. g3 c5 4. d5 exd5 5. cxd5 b5 6. Bg2 Bb7 7. a4 a6 8. e4 d6
9. Ne2 g6 10. O-O Bg7 11. axb5 axb5 12. Rxa8 Bxa8 13. Nec3 Qd7 14. Qe2 O-O 15.
Qxb5 Bb7 16. Rd1 Ba6 17. Qxd7 Nfxd7 18. Bf1 Ne5 19. Bf4 g5 20. Bxe5 Bxe5 21. Na3
Bxf1 22. Kxf1 Nd7 23. Nc4 Rb8 24. Rd2 Rb4 25. Nxe5 Nxe5 26. Re2 Nc4 27. Nd1 f6
28. Rc2 Kf7 29. f4 h6 30. Ke2 Na5 31. Kd3 Rd4+ 32. Ke2 Rxe4+ 33. Kf3 Rd4 34. Ne3
Kg6 35. Rc3 Ra4 36. h3 Ra2 37. f5+ Kf7 38. Ra3 Rxa3 39. bxa3 h5 40. Ke2 h4 41.
g4 Ke7 42. Kd3 c4+ 1/2-1/2

[Event "Druzynowe Mistrzostwa Polski Juniorow 2019 - II Liga"]
[Site "Szczyrk"]
[Date "1899-12-30"]
[Round "3.8"]
[White "Madajczak, Jakub"]
[Black "Kucharski, Daniel"]
[Result "1-0"]
[WhiteTitle "I"]
[BlackTitle "II"]
[WhiteElo "1631"]
[BlackElo "1555"]

1. e4 e5 2. Nf3 Nc6 3. Bb5 a6 4. Ba4 Nf6 5. O-O Be7 6. Re1 b5 7. Bb3 d6 8. c3 Nb8
9. h3 O-O 10. d4 Nbd7 11. Nbd2 Bb7 12. Bc2 c5 13. d5 c4 14. a4 Qb6 15. b3 Rfc8
16. a5 Qc7 17. b4 Rf8 18. Nf1 g6 19. Bh6 Rfd8 20. Qd2 Bf8 21. N1h2 Bc8 22. Bd1
Bg7 23. Ng4 Rf8 24. Bxg7 Kxg7 25. Qh6+ Kg8 26. Ng5 Re8 27. Re3 Qd8 28. Rf3 Ra7
29. Nxf7 Nxg4 30. hxg4 Qe7 31. Qe3 Nf6 32. Nh6+ Kg7 33. g5 Ng4 34. Nxg4 Bxg4 35.
Rf6 Bxd1 36. Re6 Qd7 37. Rxe8 Bc2 38. Rd8 Qe7 39. Rxd6 Ra8 40. Re6 Qc7 41. f3
Bd3 42. Qb6 Qf7 43. Qd6 Ra7 44. Qxe5+ Kf8 45. Qh8+ 1-0

[Event "Druzynowe Mistrzostwa Polski Juniorow 2019 - II Liga"]
[Site "Szczyrk"]
[Date "1899-12-30"]
[Round "3.9"]
[White "Kaliszuk, Kamil"]
[Black "Madajczak, Piotr"]
[Result "1-0"]
[WhiteTitle "I"]
[BlackTitle "I"]
[WhiteElo "1834"]
[BlackElo "1645"]

1. e4 c5 2. Nf3 Nc6 3. d4 cxd4 4. Nxd4 g6 5. c4 Bg7 6. Be3 Nf6 7. Nc3 O-O 8. Be2
d6 9. f3 Bd7 10. Qd2 Nxd4 11. Bxd4 a5 12. g4 Bc6 13. O-O-O a4 14. h4 Qa5 15. Kb1
Nd7 16. Bxg7 Kxg7 17. h5 Rh8 18. h6+ Kf8 19. f4 Rg8 20. Rhf1 Rc8 21. g5 Qc5 22.
Qd3 Qa5 23. Bg4 Nc5 24. Qd4 Bd7 25. Bxd7 Nxd7 26. e5 Qc5 27. exd6 exd6 28. Qxd6+
Qxd6 29. Rxd6 Ke7 30. Rd4 Rgd8 31. Re1+ Kf8 32. Red1 Ke8 33. Nb5 Ke7 34. Nc3 Nb6
35. Rxd8 Rxd8 36. Rxd8 Kxd8 37. b3 axb3 38. axb3 Ke7 39. Kc2 Ke6 40. Kd3 Kf5 41.
Ke3 Nd7 42. Ne4 b6 43. b4 Kg4 44. c5 bxc5 45. bxc5 Kf5 46. c6 Nb6 47. Nf6 Ke6
48. Ke4 Kd6 49. Nxh7 Kxc6 50. Nf6 Nc4 51. h7 Nd6+ 52. Kd3 Nf5 53. h8=Q 1-0

[Event "Druzynowe Mistrzostwa Polski Juniorow 2019 - II Liga"]
[Site "Szczyrk"]
[Date "1899-12-30"]
[Round "3.10"]
[White "Karp, Kacper"]
[Black "Binek, Dawid"]
[Result "1-0"]
[WhiteTitle "I"]
[BlackTitle "II"]
[WhiteElo "1601"]
[BlackElo "1322"]

1. e4 e5 2. Nf3 Nc6 3. d4 exd4 4. Nxd4 Bc5 5. Be3 Qf6 6. c3 Nge7 7. g3 d6 8. Bg2
Ne5 9. h3 c6 10. Nd2 Nd3+ 11. Ke2 Ne5 12. f4 Nd7 13. N2f3 h6 14. g4 Ng6 15. Qd2
Nh4 16. Nxh4 Qxh4 17. Nf5 Qf6 18. Bxc5 dxc5 19. Nd6+ Ke7 20. e5 Qe6 21. Rhe1 Kf8
22. Rad1 Nb6 23. f5 Qe7 24. Kf1 g5 25. f6 Qc7 26. Nb5 Qd7 27. Qe3 Nd5 28. Qxc5+
Kg8 29. Bxd5 cxd5 30. Rxd5 Qc6 31. Rd8+ Kh7 32. Rxh8+ 1-0

[Event "Druzynowe Mistrzostwa Polski Juniorow 2019 - II Liga"]
[Site "Szczyrk"]
[Date "1899-12-30"]
[Round "3.11"]
[White "Orlik, Sandra"]
[Black "Krzyzosiak, Anna"]
[Result "1-0"]
[WhiteTitle "I++"]
[BlackTitle "I++"]
[WhiteElo "1805"]
[BlackElo "1546"]

1. d4 Nf6 2. c4 g6 3. Nc3 Bg7 4. e4 d6 5. h3 O-O 6. Be3 e5 7. d5 Ne8 8. g4 c6 9.
Nge2 f5 10. gxf5 gxf5 11. exf5 Bxf5 12. Ng3 Qh4 13. Nxf5 Rxf5 14. Bd3 Rf7 15.
Qd2 Na6 16. Bg5 Qd4 17. Be3 Qh4 18. Ne4 Qe7 19. Ng5 Rf6 20. Bxh7+ Kh8 21. Bc2
Bh6 22. O-O-O cxd5 23. cxd5 b6 24. h4 Rc8 25. Kb1 Ng7 26. Qd3 Nf5 27. Qxa6 Qc7
28. Bxf5 Rxf5 29. Rc1 1-0

[Event "Druzynowe Mistrzostwa Polski Juniorow 2019 - II Liga"]
[Site "Szczyrk"]
[Date "1899-12-30"]
[Round "3.12"]
[White "Jedrzejko, Martyna"]
[Black "Bienek, Magdalena"]
[Result "1-0"]
[WhiteTitle "I"]
[BlackTitle "II"]
[WhiteElo "1472"]
[BlackElo "1104"]

1. e4 c5 2. Nc3 Nc6 3. Bb5 g6 4. Bxc6 bxc6 5. d3 Bg7 6. f4 d6 7. Nf3 Nf6 8. O-O
Rb8 9. Qe1 Bg4 10. b3 Qc8 11. Bd2 h5 12. e5 dxe5 13. Qxe5 h4 14. Rae1 Rb7 15.
Qxc5 h3 16. g3 Rh5 17. Qf2 Rh7 18. Ng5 Rh8 19. Nce4 Qd8 20. Bc3 Nxe4 21. Nxe4
Bxc3 22. Nxc3 Qa5 23. Ne4 Be6 24. Nc5 Rb5 25. Nxe6 fxe6 26. Rxe6 Kf7 27. Rxc6
Qxa2 28. Qe3 Rb7 29. Qe6+ Kf8 30. Qc8+ Kg7 31. Qxb7 Re8 32. Re1 Qa3 33. Qd7 Kf7
34. Qe6+ Kf8 35. Qxg6 1-0

[Event "Druzynowe Mistrzostwa Polski Juniorow 2019 - II Liga"]
[Site "Szczyrk"]
[Date "1899-12-30"]
[Round "3.13"]
[White "Luczak, Filip"]
[Black "Swiech, Lukasz"]
[Result "1-0"]
[WhiteTitle "CM"]
[BlackTitle "II"]
[WhiteElo "2144"]
[BlackElo "1625"]

1. Nf3 d5 2. c4 Nf6 3. cxd5 Nxd5 4. Nc3 Nc6 5. g3 e6 6. Bg2 Be7 7. d4 O-O 8. O-O
Bf6 9. e4 Nb6 10. Be3 Nc4 11. e5 Nxe3 12. fxe3 Bg5 13. Nxg5 Qxg5 14. Rf4 Ne7 15.
Be4 Bd7 16. Qf3 Ng6 17. Bxg6 fxg6 18. Qxb7 Rxf4 19. exf4 Qd8 20. Rd1 c6 21. Qa6
g5 22. Rf1 gxf4 23. Rxf4 Qb6 24. Qxb6 axb6 25. a3 Ra5 26. Kf2 Be8 27. Ke3 Bg6
28. Rf1 b5 29. Na2 Be8 30. Nb4 Ra7 31. Rf2 h6 32. Rc2 Rc7 33. Na6 Rc8 34. Nc5
Kf7 35. Kd3 Ke7 36. Kc3 Rc7 37. Rf2 Ra7 38. Kb4 Bg6 39. b3 Bh5 40. Ne4 Bg6 41.
Nd6 Ra8 42. Rf1 Bh5 43. g4 Bg6 44. h4 Be8 45. h5 Ra7 46. Nc8+ 1-0